000
003160000a22001450004500
003
MACL
040
_a
MACL
090
_c
33967
_d
33965
100
_a
BPB Publications
245
_a
Networking Complete
260
_b
BPB Publications
_c
2001
350
_a
199
650
_a
Computer science
942
_c
BOOK
_k
004.65/bpb
999
_c
33611
_d
33611